[Event "15th TCh-CRO"]
[Site "Sibenik CRO"]
[Date "2006.09.29"]
[Round "8"]
[White "Kutuzovic,B"]
[Black "Jankovic,A"]
[Result "0-1"]
[WhiteElo "2324"]
[BlackElo "2525"]

1.e4 c5 2.Nf3 Nc6 3.Nc3 d6 4.d4 cxd4 5.Nxd4 Nf6 6.Bg5 e6 7.Qd2 a6 8.O-O-O Bd7
9.f4 b5 10.Qe1 Nxd4 11.Rxd4 Qb6 12.Qd2 Bc6 13.Bxf6 gxf6 14.Be2 h5 15.Bf3 h4
16.Kb1 h3 17.g4 Bb7 18.Rd1 O-O-O 19.a4 b4 20.a5 Qxa5 21.Rc4+ Kd7 22.Na2 Be7
23.Rxb4 Qc7 24.Rd4 Rb8 25.Nc1 Rhc8 26.Nb3 Ke8 27.Rd3 Bc6 28.f5 e5 29.Qa5 Qxa5
30.Nxa5 Bb5 31.R3d2 Bf8 32.Nb3 Bh6 33.Rxd6 Ke7 34.R6d5 Bf4 35.Nc1 Ba4 36.b3 Bxh2
37.Rh1 Bf4 38.Nd3 Bxb3 39.cxb3 Rxb3+ 40.Ka2 Rcc3 41.Rd1 Ra3+ 42.Kb1 Be3 43.Bh1 Bd4
44.Nb2 Rg3  0-1

[Event "Tatry Open"]
[Site "Tatranske Zruby SVK"]
[Date "2006.09.29"]
[Round "8"]
[White "Sikora,J"]
[Black "Manik,M"]
[Result "1/2-1/2"]
[WhiteElo "2224"]
[BlackElo "2460"]

1.e4 c5 2.Nc3 Nc6 3.Nf3 d6 4.d4 cxd4 5.Nxd4 Nf6 6.Bc4 Qb6 7.Ndb5 a6 8.Be3 Qa5
9.Nd4 g6 10.O-O Bg7 11.h3 O-O 12.Bb3 Qc7 13.Qd2 Bd7 14.Rfe1 Na5 15.Bh6 Nc4
16.Bxc4 Qxc4 17.Bxg7 Kxg7 18.b3 Qc5 19.Nd5 Nxd5 20.exd5 Rfe8 21.c4 b5 22.Rac1 bxc4
23.bxc4 Rad8 24.Re4 e5 25.Rh4 h5 26.Rxh5  1/2-1/2

[Event "Tatry Open"]
[Site "Tatranske Zruby SVK"]
[Date "2006.09.29"]
[Round "8"]
[White "Cvicela,A"]
[Black "Chovanec,V"]
[Result "1/2-1/2"]
[WhiteElo "2280"]
[BlackElo "2085"]

1.e4 c5 2.Nf3 Nc6 3.Nc3 e5 4.Bc4 Nf6 5.d3 h6 6.O-O Be7 7.h3 d6 8.Be3 O-O
9.a4 Be6 10.Qd2 Nd4 11.Nh2 d5 12.Bxd4 cxd4 13.Nxd5 Nxd5 14.exd5 Bxd5 15.Bxd5 Qxd5
16.Nf3 f5 17.Qe2 Bf6  1/2-1/2

[Event "15th TCh-CRO"]
[Site "Sibenik CRO"]
[Date "2006.09.30"]
[Round "9"]
[White "Palac,M"]
[Black "Saric,Iv"]
[Result "1-0"]
[WhiteElo "2584"]
[BlackElo "2394"]

1.e4 c5 2.Nf3 Nc6 3.Nc3 e5 4.Bc4 d6 5.d3 Be7 6.O-O Nf6 7.Ng5 O-O 8.f4 Bg4
9.Qe1 exf4 10.Bxf4 Nd4 11.Qd2 h6 12.Nf3 Nxf3+ 13.gxf3 Be6 14.Kh1 Kh7 15.Rae1 Qd7
16.Rg1 a6 17.Bxe6 Qxe6 18.Qg2 Rg8 19.Bd2 g5 20.Nd5 Nxd5 21.exd5 Qd7 22.f4 Rae8
23.Qe4+ f5 24.Qe6 Qxe6 25.Rxe6 Bd8 26.Rxd6 Rg7 27.fxg5 Bxg5 28.Bc3 Rf7 29.Re6 Rd8
30.d6 f4 31.Kg2 Rfd7 32.Kf3 Rxd6 33.Rxd6 Rxd6 34.Rg4 b5 35.h4 Bf6 36.Bxf6 Rxf6
37.Rxf4 Re6 38.Re4 Rf6+ 39.Rf4 Re6 40.Re4 Rf6+ 41.Ke3 Kg6 42.Re5 Rc6 43.Ke4 a5
44.Kd5 Rc8 45.Ke6 a4 46.h5+ Kg7 47.Kd7 Kf6 48.Re6+  1-0

[Event "TCh-BEL 2006-7"]
[Site "Belgium BEL"]
[Date "2006.10.01"]
[Round "1"]
[White "Schebler,G"]
[Black "Boidman,Y"]
[Result "1/2-1/2"]
[WhiteElo "2465"]
[BlackElo "2424"]

1.e4 c5 2.Nc3 Nc6 3.Bb5 Nd4 4.Bc4 e6 5.Nf3 a6 6.Nxd4 cxd4 7.Ne2 d5 8.exd5 exd5
9.Bd3 Bc5 10.O-O Nf6 11.b4 Bxb4 12.Bb2 O-O 13.Bxd4  1/2-1/2

[Event "WJun"]
[Site "Yerevan ARM"]
[Date "2006.10.03"]
[Round "1"]
[White "Romanov,E"]
[Black "Gregoire,S"]
[Result "1-0"]
[WhiteElo "2500"]
[BlackElo "2288"]

1.e4 c5 2.Nf3 Nc6 3.Nc3 e5 4.Bc4 Be7 5.d3 Nf6 6.Nd2 d6 7.Nf1 Bg4 8.f3 Be6
9.Ne3 O-O 10.O-O Nd7 11.Ncd5 Bg5 12.f4 exf4 13.Nxf4 Bxc4 14.Nxc4 Nde5 15.Ne3 Ng6
16.Nh5 Bxe3+ 17.Bxe3 Qe7 18.Rf5 Rad8 19.Qd2 f6 20.Raf1 Nce5 21.c4 b5 22.b3 bxc4
23.dxc4 Qb7 24.Ng3 Ng4 25.Rd5 Ne7 26.Rd3 Nc6 27.Nf5 Nce5 28.Rd5 Nxe3 29.Qxe3 Nf7
30.Qf4 Rde8 31.Nxg7 Kxg7 32.Qxf6+ Kg8 33.Rf4 Ne5 34.Rg4+ Ng6 35.Qxd6 Qg7
36.h4 Qa1+ 37.Rd1 Qe5 38.Qxe5 Rxe5 39.Rd5 Rxd5 40.cxd5 Kf7 41.h5 Ne5 42.Rg5 Nd3
43.Kf1 Ke7+ 44.Ke2 Nc1+ 45.Ke3 Nxa2 46.Rg7+ Rf7 47.Rxf7+ Kxf7 48.Kd3 Nc1+
49.Kc4 Kf6 50.g4 h6 51.d6 a5 52.g5+  1-0

[Event "Corporacion del Sur A"]
[Site "Buenos Aires ARG"]
[Date "2006.10.04"]
[Round "3"]
[White "Valerga,D"]
[Black "Ricardi,P"]
[Result "1/2-1/2"]
[WhiteElo "2461"]
[BlackElo "2504"]

1.e4 c5 2.Nc3 Nc6 3.Nf3 Nf6 4.d4 cxd4 5.Nxd4 e5 6.Ndb5 d6 7.Bg5 a6 8.Na3 b5
9.Bxf6 gxf6 10.Nd5 f5 11.Bd3 Be6 12.O-O Bxd5 13.exd5 Ne7 14.Re1 Bg7 15.c3 O-O
16.Qh5 e4 17.Bf1 Rc8 18.Nc2 Rc5 19.Ne3 Re8 20.g3 Nxd5 21.Nxf5 Ne7  1/2-1/2

[Event "WJun"]
[Site "Yerevan ARM"]
[Date "2006.10.04"]
[Round "2"]
[White "Brunello,S"]
[Black "Gregoire,S"]
[Result "1/2-1/2"]
[WhiteElo "2460"]
[BlackElo "2288"]

1.e4 c5 2.Nf3 Nc6 3.Nc3 e5 4.Bc4 Be7 5.d3 d6 6.Nd2 Nf6 7.Nf1 Bg4 8.f3 Be6
9.Ne3 O-O 10.O-O Rb8 11.a3 Nd4 12.Ncd5 b5 13.Ba2 Nxd5 14.Nxd5 Bg5 15.c3 Bxc1
16.Rxc1 Nc6 17.f4 exf4 18.Rxf4 Ne5 19.d4 Qg5 20.g3 Nc4 21.dxc5 dxc5 22.Bxc4 bxc4
23.Rc2 Rfd8 24.Rd2 Kh8 25.Qe2 Bxd5 26.exd5 Rxd5 27.Rxd5 Qxd5 28.Rxc4 g6 29.b4 cxb4
30.axb4 Qg5 31.Rd4 a5 32.bxa5 Qxa5 33.c4  1/2-1/2

[Event "Corporacion del Sur A"]
[Site "Buenos Aires ARG"]
[Date "2006.10.06"]
[Round "4"]
[White "Giaccio,A"]
[Black "Lujan,C"]
[Result "1-0"]
[WhiteElo "2462"]
[BlackElo "2419"]

1.e4 c5 2.Nf3 Nc6 3.Nc3 Nf6 4.Bb5 Nd4 5.e5 Nxb5 6.Nxb5 Nd5 7.Ng5 d6 8.Qf3 Be6
9.Nxe6 fxe6 10.exd6 exd6 11.O-O Qd7 12.Re1 O-O-O 13.Qe4 a6 14.Na3 Nc7 15.Nc4 Kb8
16.Qe2 Be7 17.d3 Bf6 18.a4 e5 19.Bd2 Ne6 20.b4 Nd4 21.Qd1 Rhf8 22.c3 Nf5
23.b5 a5 24.Nxa5 Bh4 25.Rb1 Ne7 26.Rf1 d5 27.Qe2 Rf5 28.g3 Bg5 29.Bxg5 Rxg5
30.Nc6+ Nxc6 31.bxc6 Qxc6 32.a5 c4 33.Rb6 Qc7 34.Rfb1 Rd6 35.Rxd6 Qxd6 36.dxc4 dxc4
37.Qe4 Qa6 38.Rb6 Qa7 39.Qd5  1-0

[Event "56th TCh-BUL"]
[Site "Sunny Beach BUL"]
[Date "2006.10.06"]
[Round "2"]
[White "Ivanov,Bog"]
[Black "Panajotov,J"]
[Result "0-1"]
[WhiteElo "2193"]
[BlackElo "2262"]

1.e4 c5 2.Nc3 Nc6 3.Bb5 Nd4 4.Bc4 g6 5.Nge2 Bg7 6.d3 e6 7.O-O Ne7 8.a4 Nec6
9.Ng3 Nb4 10.Bf4 Nbxc2 11.Rc1 Nb4 12.e5 Nbc6 13.Re1 O-O 14.Qd2 b6 15.Ba2 Ba6
16.Kh1 Nb4 17.Bb1 Nb3 18.Qe2 Nxc1 19.Rxc1 Nd5 20.Bd2 d6 21.f4 dxe5 22.fxe5 Nxc3
23.bxc3  0-1

[Event "WJun"]
[Site "Yerevan ARM"]
[Date "2006.10.06"]
[Round "4"]
[White "Brunello,S"]
[Black "Kozlov,R"]
[Result "1/2-1/2"]
[WhiteElo "2460"]
[BlackElo "2337"]

1.e4 c5 2.Nf3 Nc6 3.Nc3 Nf6 4.Bb5 Qc7 5.O-O Nd4 6.Re1 a6 7.Bf1 e5 8.d3 h6
9.Nd5 Nxd5 10.exd5 d6 11.c3 Nxf3+ 12.Qxf3 Be7 13.d4 g5 14.dxe5 dxe5 15.Qg3 Bd6
16.Bd3 f5 17.Qh3 g4 18.Qh5+ Qf7 19.Qh4 Qe7 20.Qh5+ Qf7 21.Qh4 Qe7 22.Qg3 Kd8
23.Qe3 h5 24.b4 e4 25.Bf1 cxb4 26.Bd2 f4 27.Qxe4 Qxe4 28.Rxe4 Bf5 29.Ree1 bxc3
30.Bxc3 Re8 31.Red1 Kd7 32.a4 Rac8 33.Bd4 h4 34.Bd3 Bxd3 35.Rxd3 b5 36.axb5 axb5
37.Bf6 Ra8 38.Rb1 Ra2 39.Bxh4 Ree2 40.Rdd1 b4 41.Rf1 g3 42.hxg3 fxg3 43.Bxg3 Bxg3
44.Rxb4 Bxf2+ 45.Kh2 Re5 46.Rb7+ Kd6 47.Rh7 Rg5 48.Rh6+ Kxd5 49.Rh3 Bd4 50.Kh1 Raxg2
51.Re1 R2g4 52.Rh7 Be5 53.Rd7+ Ke6 54.Rh7 Kf6 55.Rf1+ Kg6 56.Rh3 Bd4 57.Kh2 Rg2+
58.Kh1 Rg1+ 59.Rxg1 Rxg1+ 60.Kh2 Rg4 61.Rf3 Kg5 62.Kh3 Rh4+ 63.Kg2 Be5 64.Rf8 Kg4
65.Rg8+ Kf4 66.Rf8+ Ke4 67.Re8 Rh2+ 68.Kg1 Ra2 69.Re7 Kf4 70.Kf1 Bd4 71.Ke1 Be3
72.Rf7+ Ke4 73.Re7+ Kd3 74.Rd7+ Bd4 75.Kf1 Rf2+ 76.Ke1 Rg2 77.Rf7 Ra2 78.Kf1 Ra1+
79.Kg2 Rg1+ 80.Kh2 Rg6 81.Re7 Be3 82.Kh3 Ke2 83.Kh4 Kf3 84.Re5 Kf4 85.Kh5 Rg2
86.Ra5 Bd4 87.Ra4 Ke5 88.Ra5+ Kf6 89.Ra6+ Kf5 90.Kh4 Kf4 91.Kh3 Rg3+ 92.Kh4 Rg1
93.Kh5 Kf5 94.Kh4 Bf2+ 95.Kh3 Rg3+ 96.Kh2 Rg8 97.Ra4 Be3 98.Kh3 Bf4 99.Ra5+ Be5
100.Ra3 Rh8+ 101.Kg2 Kg4  1/2-1/2

[Event "22nd ECU Club Cup"]
[Site "Feugen AUT"]
[Date "2006.10.09"]
[Round "2"]
[White "Kogan,Ar"]
[Black "Hoellrigl,W"]
[Result "1-0"]
[WhiteElo "2564"]
[BlackElo "2255"]

1.e4 c5 2.Nf3 Nc6 3.Nc3 e6 4.Bb5 Nge7 5.O-O a6 6.Bxc6 Nxc6 7.d4 cxd4 8.Nxd4 Qc7
9.Nxc6 dxc6 10.Qh5 e5 11.f4 Bd6 12.f5 g6 13.Qh4 O-O 14.Bh6 Re8 15.Rad1 b5
16.Rd3 b4 17.Nd1 a5 18.Rh3 Ba6 19.f6 Bc5+ 20.Kh1 Qd7 21.Re1 Be2 22.Rxe2 Qxd1+
23.Re1 Rad8 24.Be3  1-0

[Event "XI WCh-Blind"]
[Site "Goa IND"]
[Date "2006.10.09"]
[Round "1"]
[White "Oza,R"]
[Black "Smirnov,Sergei"]
[Result "0-1"]
[WhiteElo "1929"]
[BlackElo "2288"]

1.e4 c5 2.Nf3 Nc6 3.Nc3 d6 4.d4 cxd4 5.Nxd4 Nf6 6.Bc4 e6 7.Bb3 Be7 8.Be3 O-O
9.g4 Nxd4 10.Bxd4 e5 11.Be3 Bxg4 12.f3 Be6 13.Rg1 Nh5 14.Qe2 Bh4+ 15.Kd2 Nf4
16.Bxf4 exf4 17.Qb5 Bf2 18.Rg2 Be3+ 19.Ke2 b6 20.Rd1 Bc5 21.Bd5 Rc8 22.Bxe6 fxe6
23.Qb3 Qf6 24.Nb5 Qe7 25.Kf1 a6 26.Nd4 Rfe8 27.Nf5 Qf6 28.Nxg7 Kf7 29.Nxe8 Rxe8
30.Qa4 Qxb2 31.Qxa6 Qc3 32.Qd3 Qe5 33.Qb5 Qc3 34.Qd7+ Re7 35.Qd8 Qxf3+ 36.Ke1 Qxg2  0-1

[Event "USCL"]
[Site "ICC INT"]
[Date "2006.10.09"]
[Round "7"]
[White "Stopa,Ja"]
[Black "Moreno,Ale1"]
[Result "1/2-1/2"]
[WhiteElo "2470"]
[BlackElo "2390"]

1.Nc3 c5 2.Nf3 Nc6 3.e4 g6 4.d4 cxd4 5.Nxd4 Bg7 6.Nb3 Nf6 7.Be2 O-O 8.O-O d6
9.Bg5 Be6 10.f4 Na5 11.f5 Bc4 12.Kh1 Rc8 13.Bd3 b5 14.Qf3 b4 15.Ne2 Bxd3
16.cxd3 Nc6 17.Rac1 Ne5 18.Qh3 Rxc1 19.Nbxc1 Qc7 20.b3 d5 21.d4 Nxe4 22.Bf4 Qb6
23.Bxe5 Bxe5 24.dxe5 Nf2+ 25.Rxf2 Qxf2 26.fxg6 hxg6 27.Ng1 e6 28.Nce2 Rc8
29.Qd3 Qe1 30.h3 Rc3 31.Qa6 Re3 32.Nd4 Rg3 33.Ne2 Re3 34.Nd4 Rg3 35.Ne2 Re3
36.Nd4 Rg3  1/2-1/2

[Event "Vasylyshyn Mem"]
[Site "Lviv UKR"]
[Date "2006.10.09"]
[Round "5"]
[White "Firman,N"]
[Black "Konovalov,N"]
[Result "0-1"]
[WhiteElo "2495"]
[BlackElo "2443"]

1.e4 c5 2.Nf3 Nc6 3.Nc3 Nf6 4.d4 cxd4 5.Nxd4 d6 6.Bg5 e6 7.Qd2 a6 8.O-O-O Bd7
9.f4 b5 10.Bxf6 gxf6 11.Nxc6 Bxc6 12.Qe3 Qe7 13.Bd3 Qa7 14.Qh3 b4 15.Ne2 Qc5
16.Kb1 a5 17.Ng3 a4 18.Be2 a3 19.Qh5 axb2 20.Qxc5 dxc5 21.f5 Ke7 22.Rhf1 Bh6
23.e5 Bg5 24.fxe6 fxe6 25.Bf3 Bxf3 26.Rxf3 f5 27.Rfd3 Rhd8 28.Rxd8 Rxd8 29.Rxd8 Kxd8
30.Ne2 Kd7 31.Kxb2 Kc6 32.c4 bxc3+ 33.Kb3 c2 34.Kxc2 Kd5 35.a4 Bd8 36.Nc3+ Kc4
37.Ne2 Kd5 38.Nc3+ Kxe5 39.Kd3 Ba5 40.Nd1 Bc7 41.Ne3 f4 42.Nc4+ Kd5 43.a5 e5
44.a6 e4+ 45.Ke2 Bb8 46.Nb6+ Kc6 47.Nc8 c4 48.a7 Bxa7 49.Nxa7+ Kc5 50.Nc8 c3  0-1

[Event "11th ECU Club Cup w"]
[Site "Feugen AUT"]
[Date "2006.10.10"]
[Round "3"]
[White "Paehtz,E"]
[Black "Jiretorn,E"]
[Result "1-0"]
[WhiteElo "2449"]
[BlackElo "2109"]

1.e4 c5 2.Nc3 Nc6 3.Bb5 Nd4 4.Bc4 e6 5.Nf3 a6 6.Nxd4 cxd4 7.Ne2 b5 8.Bb3 Bb7
9.d3 Bc5 10.O-O Ne7 11.Ng3 Ng6 12.Qh5 Bd6 13.Ne2 Qb6 14.Kh1 Qc5 15.Qh3 O-O
16.c3 dxc3 17.bxc3 Kh8 18.Be3 Qc7 19.c4 bxc4 20.Rac1 cxd3 21.Rxc7 dxe2 22.Rcc1 exf1=Q+
23.Rxf1 Bxe4 24.Rd1 Nf4 25.Bxf4 Bxf4 26.Qg4 g5 27.Rxd7 Rad8 28.Qd1 Bd5 29.Qa1+ Kg8
30.Rxd5 exd5 31.g3 Bb8 32.Qf6 Rd6 33.Qxg5+ Kh8 34.Bxd5 Rg6 35.Qf5 Kg7 36.h4 h6
37.Kg2 Ba7 38.Be4 Re8 39.f4 Rf6 40.Qh7+ Kf8 41.Bd5 Rd8 42.Bc4 Rdd6 43.Kh3 Rc6
44.Bb3 Bf2 45.Ba4 Rb6 46.Qh8+ Ke7 47.Qe8+  1-0

[Event "Autumn Cup"]
[Site "Bucharest ROM"]
[Date "2006.10.11"]
[Round "1"]
[White "Burnoiu,N1"]
[Black "Shishkin,Va UKR"]
[Result "1/2-1/2"]
[WhiteElo "2419"]
[BlackElo "2484"]

1.e4 c5 2.Nf3 Nc6 3.Nc3 e5 4.Bc4 Be7 5.O-O d6 6.Nd5 Nf6 7.Nxf6+ Bxf6 8.h3 Qe7
9.c3 O-O 10.d3 g6 11.Ne1 Bg5 12.Nc2 Be6 13.Bxg5 Qxg5 14.Qc1 Qh4 15.Qe1 Bxc4
16.dxc4 f5 17.Rd1 Rad8 18.f3 Qxe1 19.Rfxe1 f4 20.g4 Kf7 21.Re2 Ke6 22.Red2 a6
23.b3 Rd7 24.b4 cxb4 25.cxb4 Rfd8 26.h4 b5 27.cxb5 axb5 28.Na3 Rb8 29.Nc2 Ra8
30.Kf2 Ra4 31.a3 Ne7 32.Rd3 Nc8 33.Rd5 Rb7 34.R1d3 Ra6 35.Rc3 Ne7 36.Rd2 Rc6
37.Rxc6 Nxc6 38.Ke2 Ne7 39.Na1 Ra7 40.Rd3 Nc8 41.Nb3 Nb6 42.Na5 Nc4 43.Nxc4 bxc4
44.Rc3 d5 45.Kd2 Kd6 46.Kd1 d4 47.Rxc4 Rxa3 48.Ke2 Ra2+ 49.Ke1 Rh2 50.b5 Rxh4
51.Rc6+ Kd7 52.Rc5 Kd6  1/2-1/2

[Event "22nd ECU Club Cup"]
[Site "Feugen AUT"]
[Date "2006.10.11"]
[Round "4"]
[White "Fedorov,Alex"]
[Black "Sprenger,J"]
[Result "1-0"]
[WhiteElo "2617"]
[BlackElo "2525"]

1.e4 c5 2.Nf3 Nc6 3.Nc3 e5 4.Bc4 Be7 5.d3 d6 6.h3 Be6 7.Nd5 a6 8.a3 Nf6 9.O-O h6
10.c3 O-O 11.b4 Nd7 12.Be3 b5 13.Ba2 Re8 14.d4 Bf8 15.dxe5 dxe5 16.Qe2 Qb8
17.Rfd1 cxb4 18.cxb4 a5 19.a4 Nxb4 20.Nxb4 axb4 21.Bxe6 Rxe6 22.axb5 Rxa1
23.Rxa1 Re8 24.Bd2 Qb7 25.Be3 Qxe4 26.Ra7 Nc5 27.Nd2 Qd5 28.b6 b3 29.Qb5 Rb8
30.Rc7 b2 31.Qxb2 Na4 32.Qa1 Qb5 33.Qa2 Qe8 34.b7 Bd6 35.Rc4 Rxb7 36.Rxa4 Qc6
37.Ra6 Qc7 38.Qd5 Bf8 39.Ra8  1-0

[Event "22nd ECU Club Cup"]
[Site "Feugen AUT"]
[Date "2006.10.11"]
[Round "4"]
[White "Shirov,A"]
[Black "Roiz,M"]
[Result "1-0"]
[WhiteElo "2720"]
[BlackElo "2611"]

1.e4 c5 2.Nf3 Nc6 3.Nc3 e5 4.Bc4 Be7 5.d3 d6 6.Nd2 Bg5 7.h4 Bh6 8.Qh5 Qd7
9.Nd5 Rb8 10.c3 b5 11.Bb3 Nce7 12.Ne3 Nc6 13.Ndf1 Nf6 14.Qf3 O-O 15.g4 Bxe3
16.Nxe3 Ne7 17.g5 Ne8 18.h5 Bb7 19.Ng4 c4 20.h6 Qf5 21.Qh3 Qg6 22.hxg7 Kxg7
23.Qe3 h5 24.Bc2 hxg4 25.Rh6 Rh8 26.Rxg6+ Nxg6 27.Qxa7 Nc7 28.Be3 b4 29.dxc4 bxc3
30.bxc3 g3 31.O-O-O g2 32.f4 exf4 33.Bd4+ Ne5 34.Qa5 Ne6 35.Bxe5+ dxe5 36.Qxe5+ Kg6
37.Qf5+ Kh5 38.Rg1  1-0

[Event "WJun"]
[Site "Yerevan ARM"]
[Date "2006.10.11"]
[Round "8"]
[White "Andriasian,Z"]
[Black "Nechepurenko,R"]
[Result "1-0"]
[WhiteElo "2463"]
[BlackElo "2479"]

1.e4 c5 2.Ne2 Nc6 3.Nbc3 d6 4.d4 cxd4 5.Nxd4 Nf6 6.f3 e5 7.Nb3 Be7 8.Be3 O-O
9.Qd2 Be6 10.Nd5 Bxd5 11.exd5 Nb8 12.Be2 Nbd7 13.O-O Qc7 14.c4 a5 15.Rac1 g6
16.Na1 Nh5 17.Nc2 f5 18.Na3 b6 19.Nb5 Qd8 20.Kh1 Rf7 21.b3 Nc5 22.Rb1 Bh4
23.g3 Be7 24.f4 exf4 25.gxf4 Nf6 26.Bf3 Nfe4 27.Qg2 Rg7 28.Nd4 Qd7 29.Bxe4 fxe4
30.a3 Bf6 31.b4 Na4 32.Ne6 Nc3 33.Nxg7 Kxg7 34.Rbc1 axb4 35.axb4 b5 36.f5 Ra2
37.Qh3 Kg8 38.Ra1 bxc4 39.Rxa2 Nxa2 40.Qg2 Nxb4 41.fxg6 Bg7 42.gxh7+ Kxh7
43.Qxe4+ Kg8 44.Rg1 Nd3 45.Bd4 Ne5 46.Bxe5 dxe5 47.Qxc4 Kf8 48.Qc6 Qf5 49.Qa8+  1-0

[Event "WJun"]
[Site "Yerevan ARM"]
[Date "2006.10.11"]
[Round "8"]
[White "Romanov,E"]
[Black "Zhao Jun"]
[Result "0-1"]
[WhiteElo "2500"]
[BlackElo "2539"]

1.e4 c5 2.Nf3 Nc6 3.Nc3 Nf6 4.Bb5 Qc7 5.O-O Nd4 6.Nxd4 cxd4 7.Nd5 Nxd5 8.exd5 Qc5
9.c4 a6 10.b4 Qxb4 11.Ba4 b5 12.Bc2 Qxc4 13.Bb3 Qd3 14.Bb2 Qf5 15.Rc1 e6
16.Bxd4 Bb7 17.dxe6 dxe6 18.Rc7 Qe4 19.Rxb7 Qxb7 20.Re1 h5 21.Bc2 Rd8 22.Bc3 Bc5
23.Re4 Qb6 24.d4 Be7 25.Qe1 b4 26.Bd2 O-O 27.Qe3 Bf6 28.Qd3 g6 29.Be3 Qb5
30.Qd1 Bg7 31.g4 Rc8 32.Bb3 Rfd8 33.Qf3 a5 34.gxh5 Qxh5 35.Qg3 Rc3 36.Rh4 Qf5
37.Rf4 Qb1+ 38.Kg2 a4 39.Qg5 Rf8 40.Bxa4 Rxe3  0-1

[Event "22nd ECU Club Cup"]
[Site "Feugen AUT"]
[Date "2006.10.12"]
[Round "5"]
[White "Nieminen,K"]
[Black "Birens,EA"]
[Result "1-0"]
[WhiteElo "2197"]
[BlackElo "2007"]

1.e4 c5 2.Nc3 Nc6 3.Nge2 g6 4.d4 cxd4 5.Nxd4 Bg7 6.Be3 d6 7.Bc4 Nf6 8.h3 O-O
9.Bb3 Bd7 10.O-O Rc8 11.Qd3 Na5 12.f4 Nxb3 13.axb3 a6 14.Rad1 Qa5 15.Nf3 Bc6
16.Bd4 Qh5 17.e5 dxe5 18.Nxe5 Rfd8 19.g4 Nxg4 20.hxg4 Qh1+ 21.Kf2 Qg2+ 22.Ke1 Bxe5
23.fxe5 Qxg4 24.Qe3 b5 25.Qf4 Qe6 26.Rd2 Rd7 27.Kd1 a5 28.Be3 Rxd2+ 29.Bxd2 a4
30.bxa4 bxa4 31.Rf2 Ra8 32.Kc1 a3 33.bxa3 Rxa3 34.Qb4 Ra8 35.Qc5 Rb8 36.Bg5 Qg4
37.Bxe7 Bf3 38.Rd2 h5 39.Rd8+ Rxd8 40.Bxd8 Qf4+ 41.Kb2 g5 42.Bf6 Kh7 43.Qf8 Kg6
44.Kb3 h4 45.Qg7+ Kh5 46.Qxf7+ Kg4 47.Qc4 h3  1-0

[Event "22nd ECU Club Cup"]
[Site "Feugen AUT"]
[Date "2006.10.12"]
[Round "5"]
[White "Wegerle,J"]
[Black "Broekmeulen,Ja"]
[Result "1-0"]
[WhiteElo "2411"]
[BlackElo "2273"]

1.e4 c5 2.Nf3 Nc6 3.Nc3 e5 4.Bc4 Be7 5.d3 d6 6.Nd2 Nf6 7.Nf1 Bg4 8.f3 Be6
9.Ne3 O-O 10.O-O Rb8 11.a4 Nb4 12.Qe2 b6 13.b3 Nc6 14.Ncd5 Nxd5 15.Bxd5 Nd4
16.Qd1 Bg5 17.Bc4 h6 18.c3 Nc6 19.Nd5 Bxc1 20.Rxc1 Ne7 21.Nxe7+ Qxe7 22.b4 Rfd8
23.Qb3 Qd7 24.Rb1 Rbc8 25.Rfe1 Rc7 26.b5 Qe7 27.Ra1 Rcd7 28.Bd5 Bxd5 29.Qxd5 c4
30.d4 exd4 31.Qxd4 Qe5 32.Rad1 Qe6 33.Qd5 Qxd5 34.Rxd5 Kf8 35.Red1 Ke7 36.R1d4 Rc7
37.e5 dxe5 38.Rxe5+ Kf6 39.Ree4 Rxd4 40.Rxd4 Ke5 41.Kf2 h5 42.Ke3 f6 43.Rd8 Re7
44.f4+ Kf5+ 45.Kf3 Re1 46.Rd5+ Ke6 47.Rd4 Rf1+ 48.Kg3 Ra1 49.Rxc4 Ra3 50.Kh4 Kd5
51.Rd4+ Ke6 52.Kxh5 Rxc3 53.Kg6 Rc2 54.g4 Rxh2 55.f5+ Ke5 56.Rc4 Rg2 57.Kxg7 Kd5
58.Rb4 Ke5 59.Kf7 Rc2 60.Rb1 Re2 61.Rg1 Re4 62.g5 fxg5 63.f6 g4 64.Kg7 Rxa4
65.f7 Rf4 66.f8=Q Rxf8 67.Kxf8 Kd4 68.Rxg4+ Kc5 69.Rg5+  1-0

[Event "22nd ECU Club Cup"]
[Site "Feugen AUT"]
[Date "2006.10.12"]
[Round "5"]
[White "Petrosian,TL"]
[Black "Smirnov,P"]
[Result "1-0"]
[WhiteElo "2573"]
[BlackElo "2623"]

1.e4 c5 2.Nf3 Nc6 3.Nc3 e5 4.Bc4 Be7 5.d3 d6 6.Nd2 Bg5 7.h4 Bh6 8.Qh5 Qd7
9.Nd5 Rb8 10.c3 Qd8 11.Ne3 Qf6 12.Ndf1 Nge7 13.Ng4 Bxg4 14.Qxg4 Bxc1 15.Rxc1 b5
16.Bb3 c4 17.Bc2 cxd3 18.Bxd3 b4 19.cxb4 Nxb4 20.Bb1 Nxa2 21.Bxa2 Rxb2 22.Rc8+ Nxc8
23.Qxc8+ Qd8 24.Qc6+ Ke7 25.Qd5 Qc8 26.Bc4 Rb1+ 27.Ke2 Qe6 28.Ne3 Rb2+ 29.Kf3 Rc8
30.Ra1 Qxd5 31.Nxd5+ Kd8 32.Bd3 Rb7 33.h5 Rc5 34.Ra6 Kd7 35.g3 f5 36.Ke3 g5
37.h6 f4+ 38.Kf3 Rb3 39.Rxa7+ Kd8 40.Kg4 Rxd3 41.Rxh7 fxg3 42.fxg3 Rc4 43.Rh8+  1-0

[Event "IRT5"]
[Site "Sao Paulo BRA"]
[Date "2006.10.12"]
[Round "2"]
[White "Marra,E"]
[Black "Galindo,V"]
[Result "1-0"]
[WhiteElo "2303"]
[BlackElo "2062"]

1.e4 c5 2.Nf3 Nc6 3.Nc3 e5 4.Bc4 d6 5.d3 Be7 6.O-O Nf6 7.Ng5 O-O 8.f4 Nd4
9.f5 d5 10.Bb3 dxe4 11.dxe4 b5 12.Nd5 c4 13.Nxe7+ Qxe7 14.c3 Nxb3 15.axb3 Bb7
16.bxc4 bxc4 17.Qe2 Qc7 18.Ra4 Qc5+ 19.Be3 Qb5 20.Rb4 Qc6 21.Rxc4 Qb5 22.b3 Ba6
23.Qa2 Rac8 24.Ra1 Bb7 25.Qa4 a6 26.Qxb5 axb5 27.Rxc8 Rxc8 28.Ra7 Bxe4 29.c4 bxc4
30.bxc4 Bxf5 31.Nxf7 Ng4 32.Nd6 Rb8 33.Bb6 Bd3 34.h3 Nf6 35.c5 Nd5 36.Ba5 g6
37.c6 Bf5 38.Bd2 Rd8 39.Nxf5 gxf5 40.Rd7 Rc8 41.Rxd5 Rxc6 42.Rxe5 Rf6 43.Bg5 Rf8
44.Re7 Rf7 45.Kf2 Kg7 46.Kf3 Kg6 47.Rxf7 Kxf7 48.Kf4 Kg6 49.Bd8  1-0

[Event "Open"]
[Site "Winterthur SUI"]
[Date "2006.10.12"]
[Round "7"]
[White "Kamber,B"]
[Black "Lehmann,Mar"]
[Result "1/2-1/2"]
[WhiteElo "2325"]
[BlackElo "2219"]

1.e4 c5 2.Nc3 Nc6 3.Nf3 Nf6 4.d4 cxd4 5.Nxd4 e5 6.Ndb5 d6 7.Nd5 Nxd5 8.exd5 Nb8
9.Qd3 a6 10.Qa3 b6 11.c4 Bb7 12.Nc3 Be7 13.Be2 O-O 14.O-O f5 15.f4 Nd7 16.Be3 g6
17.Rad1 Re8 18.fxe5 Nxe5 19.Qb3 Nd7 20.Rfe1 Bh4 21.Bd4 Bxe1 22.Rxe1 Nc5 23.Qd1 Qh4
24.Rf1 Re7 25.Bf2 Qf6 26.Bd4 Qh4 27.Bf2 Qf6 28.Bd4 Qh4 29.Bf2  1/2-1/2

[Event "Autumn Cup"]
[Site "Bucharest ROM"]
[Date "2006.10.13"]
[Round "3"]
[White "Moldovan,D"]
[Black "Shishkin,Va UKR"]
[Result "1/2-1/2"]
[WhiteElo "2450"]
[BlackElo "2484"]

1.e4 c5 2.Nc3 Nc6 3.Nge2 d6 4.d4 cxd4 5.Nxd4 Nf6 6.Bg5 Qb6 7.Nb3 e6 8.Bxf6 gxf6
9.Qh5 Bd7 10.Bd3 Rg8 11.O-O Rg7 12.a4 a6 13.a5 Qc7 14.f4 O-O-O 15.Na4 Kb8
16.Nb6 Nb4 17.Qe2 Bc6 18.Nd4 d5 19.Nxc6+ Nxc6 20.exd5 Nxa5 21.Nc4 Rxd5 22.Nxa5 Rxa5
23.Rxa5 Qxa5 24.f5 e5 25.Kh1 Bc5 26.c3 Qc7 27.Be4 Bb6  1/2-1/2

[Event "22nd ECU Club Cup"]
[Site "Feugen AUT"]
[Date "2006.10.13"]
[Round "6"]
[White "Petrosian,TL"]
[Black "Moiseenko,A1"]
[Result "0-1"]
[WhiteElo "2573"]
[BlackElo "2632"]

1.e4 c5 2.Nf3 Nc6 3.Nc3 e5 4.Bc4 Be7 5.d3 Nf6 6.Ng5 O-O 7.f4 d6 8.O-O Bg4
9.Qe1 exf4 10.Bxf4 Nd4 11.Qd2 Qd7 12.Be3 h6 13.Nf3 Nxf3+ 14.gxf3 Be6 15.Kh1 Kh7
16.Bxe6 fxe6 17.Qg2 Qe8 18.Rg1 Qf7 19.Raf1 d5 20.Ne2 Rg8 21.Qh3 Nh5 22.f4 dxe4
23.f5 exf5 24.Rxf5 Nf6 25.Nf4 exd3 26.cxd3 Rae8 27.Nh5 Bd8 28.Bf4 Qd7 29.Ng3 Qxd3
30.Qg2 Ne4 31.Nxe4 Qxe4 32.Qxe4 Rxe4 33.Be5 Bg5 34.Bc3 b6 35.Rf7 Re7 36.Rf5 Rd8
37.Rgf1 Rdd7 38.a4 Bd2 39.a5 Bxc3 40.bxc3 Re2 41.R1f2 Rd1+ 42.Kg2 Rdd2 43.Rxe2 Rxe2+
44.Kf3 Rc2 45.Ke4 Rxc3  0-1

[Event "11th ECU Club Cup w"]
[Site "Feugen AUT"]
[Date "2006.10.13"]
[Round "6"]
[White "Pogonina,N"]
[Black "Nebolsina,V"]
[Result "1-0"]
[WhiteElo "2421"]
[BlackElo "2349"]

1.e4 c5 2.Nf3 Nc6 3.Nc3 e5 4.Bc4 Be7 5.O-O d6 6.d3 Nf6 7.h3 O-O 8.a4 h6 9.Nd5 Nh7
10.c3 Bg5 11.Nxg5 Nxg5 12.f4 exf4 13.Nxf4 Ne5 14.Bd5 Ne6 15.a5 Nc7 16.Bb3 Be6
17.Nxe6 Nxe6 18.d4 cxd4 19.cxd4 Ng6 20.Be3 Qh4 21.Qf3 Rae8 22.Rf2 Nd8 23.Bc2 Nc6
24.a6 bxa6 25.Ba4 Rc8 26.Bb3 Rc7 27.Rxa6 Qe7 28.e5 Qd7 29.Bd5 Rfc8 30.Qg3  1-0

[Event "22nd ECU Club Cup"]
[Site "Feugen AUT"]
[Date "2006.10.13"]
[Round "6"]
[White "Kafka,G"]
[Black "Horvath,Ta1"]
[Result "0-1"]
[WhiteElo "2136"]
[BlackElo "2426"]

1.e4 c5 2.Nc3 Nc6 3.Bb5 Na5 4.Nf3 a6 5.Be2 b5 6.d4 cxd4 7.Nxd4 Bb7 8.a3 e6
9.O-O Rc8 10.Be3 d6 11.Qe1 Nf6 12.f3 Be7 13.Rd1 Qc7 14.Ndxb5 axb5 15.Nxb5 Qd8
16.e5 Nd5 17.exd6 Bf6 18.Rxd5 Bxd5 19.Nc7+ Rxc7 20.dxc7 Qxc7 21.Qb4 Nc6 22.Qa4 O-O
23.c4 Qe5 24.cxd5 Qxe3+ 25.Kh1  0-1

[Event "22nd ECU Club Cup"]
[Site "Feugen AUT"]
[Date "2006.10.13"]
[Round "6"]
[White "Aabling Thomsen,J"]
[Black "Nieminen,K"]
[Result "1/2-1/2"]
[WhiteElo "2276"]
[BlackElo "2197"]

1.e4 c5 2.Nf3 Nc6 3.Nc3 d6 4.d4 cxd4 5.Nxd4 Nf6 6.Bg5 e6 7.Qd2 a6 8.O-O-O Bd7
9.f4 h6 10.Bxf6 Qxf6 11.Nf3 Qd8 12.g4 Be7 13.h4 Qc7 14.Rg1 O-O-O 15.f5 Ne5
16.Be2  1/2-1/2

[Event "Open"]
[Site "Winterthur SUI"]
[Date "2006.10.14"]
[Round "9"]
[White "Kurmann,O"]
[Black "Lehmann,Mar"]
[Result "0-1"]
[WhiteElo "2417"]
[BlackElo "2219"]

1.e4 c5 2.Nf3 Nc6 3.Nc3 Nf6 4.d4 cxd4 5.Nxd4 e5 6.Ndb5 d6 7.Bg5 a6 8.Na3 b5
9.Nd5 Qa5+ 10.Bd2 Qd8 11.c4 Nxe4 12.cxb5 Be6 13.Bc4 Ne7 14.Be3 Rc8 15.Bb6 Qd7
16.bxa6 Rxc4 17.Nxc4 Nxd5 18.O-O Be7 19.Qe1 Ng5 20.h4 Nf4 21.Nxe5 Qb5 22.a7 Qd5
23.f3 dxe5 24.hxg5 O-O 25.Be3 Bxg5 26.a4 Qc4 27.g3 Ne2+ 28.Kf2 Bxe3+ 29.Kxe3 Qd4+  0-1